00265 a2200097 4500000002500000100002300025245006600048260002100114264001500135999001700150 nam a22 7a 4500 aKumbhojkar,G.V937 aEngineering Mathematics III: Electronics and computer science bP.Jamnadasc2021 bP.Jamnadas c35891d35891